| 000 | 00371nam a2200145Ia 4500 | ||
|---|---|---|---|
| 008 | 230917s9999||||xx |||||||||||||| ||und|| | ||
| 040 |
_e75324 _aMAIN |
||
| 041 | _aEnglish | ||
| 082 | _a658.8 B457C | ||
| 100 | _aBernhardt, Kenneth L | ||
| 245 | 0 | _aCases in marketing management | |
| 260 |
_aDallas _bBusiness Publications _c1978 |
||
| 300 | _axv, 570 p. | ||
| 942 | _cBK | ||
| 999 |
_c208655 _d208655 |
||